MARC details
| 000 -CABECERA |
| campo de control de longitud fija |
01754nam a2200277 a 4500 |
| 001 - NÚMERO DE CONTROL |
| campo de control |
000000089 |
| 005 - FECHA Y HORA DE LA ÚLTIMA TRANSACCIÓN |
| campo de control |
20200929145305.0 |
| 008 - DATOS DE LONGITUD FIJA--INFORMACIÓN GENERAL |
| campo de control de longitud fija |
081031s2008 dr a 001 0 spa d |
| 020 ## - NÚMERO INTERNACIONAL ESTÁNDAR DEL LIBRO |
| Número Internacional Estándar del Libro |
9789945448009 |
| 020 ## - NÚMERO INTERNACIONAL ESTÁNDAR DEL LIBRO |
| Número Internacional Estándar del Libro |
9945448005 |
| 040 ## - FUENTE DE LA CATALOGACIÓN |
| Centro catalogador/agencia de origen |
DO-SdBNP |
| Lengua de catalogación |
spa |
| Centro/agencia transcriptor |
BNPHU |
| 082 ## - NÚMERO DE LA CLASIFICACIÓN DECIMAL DEWEY |
| Número de clasificación |
338.17373 |
| Número de documento/Ítem |
C257s |
| 245 00 - MENCIÓN DE TÍTULO |
| Título |
Caracterización socioeconómica de las empresas cafetaleras en la República Dominicana / |
| Mención de responsabilidad, etc. |
Franck Galtier ...[et. al.]. |
| 260 ## - PUBLICACIÓN, DISTRIBUCIÓN, ETC. |
| Lugar de publicación, distribución, etc. |
Santo Domingo : |
| Nombre del editor, distribuidor, etc. |
IDIAF, |
| Fecha de publicación, distribución, etc. |
2008. |
| 300 ## - DESCRIPCIÓN FÍSICA |
| Extensión |
75 p. : |
| Otras características físicas |
il. ; |
| Dimensiones |
23 cm. |
| 490 1# - MENCIÓN DE SERIE |
| Mención de serie |
Estudios socioeconómicos ; |
| Designación de volumen o secuencia |
1 |
| 505 0# - NOTA DE CONTENIDO CON FORMATO |
| Nota de contenido con formato |
Introducción -- Metodología -- Estudio de casos -- Características de las empresas cafetaleras -- Recolección de datos -- Costo de producción de un quintal de café -- Determinantes del precio del café -- Diversificación de las empresas cafetaleras -- Pobreza y vulnerabilidad -- Resultados y discusión -- Costo de producción de un quintal de café -- Determinantes del precio del café -- Diversificación de las empresas cafetaleras -- Pobreza y vulnerabilidad -- Conclusiones -- Bibliografías -- Anexos -- 1. Formulario semestral -- 2. Formulario semanal o periódico -- 3. Índices de pobreza y vulnerabilidad -- 4. Gráficas sobre los determinantes de las necesidades básicas no satisfechas -- 5. Determinantes de la pobreza -- 6. Determinantes de la vulnerabilidad. |
| 590 ## - NOTA LOCAL (RLIN) |
| Nota local |
Inventariado,2018/DG |
| 650 #4 - PUNTO DE ACCESO ADICIONAL DE MATERIA--TÉRMINO DE MATERIA |
| Término de materia o nombre geográfico como elemento de entrada |
Café |
| Subdivisión general |
Comercio |
| 9 (RLIN) |
295 |
| 650 #4 - PUNTO DE ACCESO ADICIONAL DE MATERIA--TÉRMINO DE MATERIA |
| Término de materia o nombre geográfico como elemento de entrada |
Industria del café |
| Subdivisión geográfica |
República Dominicana |
| 9 (RLIN) |
296 |
| 650 #4 - PUNTO DE ACCESO ADICIONAL DE MATERIA--TÉRMINO DE MATERIA |
| Término de materia o nombre geográfico como elemento de entrada |
Café |
| Subdivisión general |
Mercadeo |
| 9 (RLIN) |
297 |
| 700 1# - PUNTO DE ACCESO ADICIONAL--NOMBRE DE PERSONA |
| Nombre de persona |
Galtier, Franck |
| 9 (RLIN) |
298 |
| 710 2# - PUNTO DE ACCESO ADICIONAL--NOMBRE DE ENTIDAD CORPORATIVA |
| Nombre de entidad corporativa o nombre de jurisdicción como elemento de entrada |
Instituto Dominicano de Investigaciones Agropecuarias y Forestales |
| 9 (RLIN) |
299 |
| 830 #0 - PUNTO DE ACCESO ADICIONAL DE SERIE-TÍTULO UNIFORME |
| Título uniforme |
Estudios socioeconómicos ; |
| Número de parte o sección de la obra |
1 |
| 9 (RLIN) |
300 |
| 910 ## - DATOS DE OPCIÓN DEL USUARIO (OCLC) |
| Datos de opción del usuario |
Validado. Control de calidad MMOLINA |